skbl

Dr Suryya Kumar Bhuyan Library Web-OPAC
ডঃ সূৰ্য্য
কুমাৰ ভূঞা পুথিভঁৰাল ৱেব-অ'পেক

All Research Scholars are advised to clear the annual library fees to continue using Library Resources, Remote Access, Plagiarism Test and Library Clearance.

Cotton University Book Fair 2026

Environment And its Global Implications theory and Practice--Vol.1 (Record no. 56155)

MARC details
000 -LEADER
fixed length control field 00507nam a2200181Ia 4500
001 - CONTROL NUMBER
control field 56232
008 - FIXED-LENGTH DATA ELEMENTS--GENERAL INFORMATION
fixed length control field 130227n ii |||gr||||Z||||||465
020 ## - INTERNATIONAL STANDARD BOOK NUMBER
International Standard Book Number 81-7835-113-7
082 ## - DEWEY DECIMAL CLASSIFICATION NUMBER
Classification number 333.7
245 #0 - TITLE STATEMENT
Title Environment And its Global Implications theory and Practice--Vol.1
Statement of responsibility, etc. Gopal Bhargave
Medium Textual Documents
250 ## - EDITION STATEMENT
Edition statement First--2002.
260 ## - PUBLICATION, DISTRIBUTION, ETC.
Place of publication, distribution, etc. Delhi
Name of publisher, distributor, etc. KALPAZ PUBLICATIONS
300 ## - PHYSICAL DESCRIPTION
Extent 383pg:
Dimensions 25cm.
653 ## - INDEX TERM--UNCONTROLLED
Uncontrolled term Economics
653 ## - INDEX TERM--UNCONTROLLED
Uncontrolled term G-Economics
700 ## - ADDED ENTRY--PERSONAL NAME
Personal name Bhargave,Gopal .
942 ## - ADDED ENTRY ELEMENTS (KOHA)
Source of classification or shelving scheme Dewey Decimal Classification
Koha item type Books
Holdings
Withdrawn status Lost status Damaged status Not for loan Collection Home library Current library Shelving location Date acquired Coded location qualifier Cost, normal purchase price Total checkouts Full call number Barcode Date last seen Copy number Price effective from Koha item type
          Dr. Suryya Kumar Bhuyan Library Dr. Suryya Kumar Bhuyan Library   27/02/2013 00000 1800.00   333.7 Bh 469 En 542/Geog 14/01/2024 1 27/02/2013 Books

Designed and Maintained by Team SKBL
©1901-2026

Powered by Koha